000 00757cam a2200229 a 4500
001 000003821
005 20200929150601.0
008 880413s1994 sp 000 f spa
020 _a8477301255
040 _aDO-SdBNP
_cDLC
_dDLC
_dOCoLC
041 1 7 _aspa
_heng
_2Código de idioma MARC
082 _a813.54
_bC678p
100 1 _aCohen, Sharleen Cooper.
_911577
245 1 3 _aEl poder del dinero /
_cSharleen Cooper Cohen ; traducción, Antoni Puigrós.
260 _aBarcelona :
_bVidorama,
_c1994.
300 _a621 p. ;
_c20 cm.
534 _aTítulo original: Love, sex & money.
650 4 _aNovela estadounidense
_9262
650 4 _aLiteratura estadounidense
_9263
700 1 _aPuigós, Antoni,
_etr.
_911578
910 _aCatalogación por copia / LC
999 _c3643
_d3643